00551nam a2200181Ii 45000010005000000030009000050080041000140400033000550410008000880840011000961000023001072450085001302640061002153000012002763360026002883370028003143380027003427615CO-ViMGA241108s9999||||xx |||||||||||||| ||und|| aCO-ViMGAbspaerdacCO-ViMGA0 aunk aB-G2161 aCarlos Morla Lynch10aEn españa con Federico García Lorca :bPaginas de un diario intimo 1928-1936 1a[Lugar de publicación no identificado] : Aguilar, 1958 avolumen atextbtxt2rdacontent aunmediatedbn2rdamedia avolumebnc2rdacarrier